| 000 | 00675nam a2200205 i 4500 | ||
|---|---|---|---|
| 001 | 24995 | ||
| 003 | ES-MaACL | ||
| 005 | 20230906153157.0 | ||
| 007 | t| | ||
| 008 | 021219s1960 sp ||||1| spa d | ||
| 100 | 1 |
_aApraiz Barreiro, José. _922126 |
|
| 245 | 1 | 0 |
_aFundiciones / _cpor José Apraiz Barreiro. |
| 250 | _a1ª ed. | ||
| 260 |
_aMadrid : _bDossat, _c1960] |
||
| 300 |
_aXI, 166 p. : _bil. ; _c22 cm. |
||
| 500 | _aPrecede a tít.: Patronato de Publicaciones de la Escuela Especial de Ingenieros Industriales. | ||
| 650 | 4 |
_aFundición. _9136146 |
|
| 710 | 2 |
_aEscuela Central de Ingenieros Industriales (Madrid) _93568 |
|
| 852 |
_aES-MaACL _jC-18413 _bR.46661 |
||
| 999 |
_c24995 _d24995 |
||